000 00665nam a22001937a 4500
003 BUBTL
008 190508b xxu||||| |||| 00| 0 eng d
020 _a978-81-7215-541-4
082 _a891.443 / BHK
100 _92328
_aভট্টাচার্য, সুচিত্রা
245 _aকাছের মানুষ /
_cসুচিত্রা ভট্টাচার্য
250 _a1st ed.
260 _aকলকাতা :
_bআনন্দ,
_cc1998.
300 _a645 p. :
_c24 cm.
650 0 _91687
_aবাংলা সাহিত্য
856 _k0
_l0
_yDownload
942 _2ddc
_cBK
999 _c6043
_d6043